000 00574nam a22002057a 4500
005 20231206160027.0
008 231206b |||||||| |||| 00| 0 eng d
020 _a9781644213599
_cRs.399.00
040 _aLoreto College
041 _aEnglish
082 _a843.91
_bERN
100 _aErnaux,Anne
245 _aThe years
_cAnnie Ernaux;translated byAlison L.Strayer
260 _aNew York
_bSeven Stories Press
_c2017
300 _a238p
_b22cm
650 _aFiction in French-Translated in English
700 _4tr.
_aStrayer,Alison L.
850 _aLCLIB
942 _cBK
999 _c43568
_d94047